| 000 | 01474na a2200385 4500 | ||
|---|---|---|---|
| 999 |
_c1078 _d1078 |
||
| 001 | 19833 | ||
| 003 | MIRAKIL | ||
| 005 | 20210324111148.0 | ||
| 008 | 161227b tu 000 0 | ||
| 035 | _a19833 | ||
| 040 |
_aMilas _btur _cTR-AnCHP |
||
| 041 | _atur | ||
| 082 |
_aCHP 324.2372 _bK44ö 2015 |
||
| 090 | _aBROŞÜR 175 | ||
| 100 |
_aKılıçdaroğlu, Kemal _cCHP Genel Başkanı |
||
| 240 |
_aÖnce Türkiye _fKasım 2015 |
||
| 245 |
_aÖnce Türkiye _bÖnce gençler _c[Kemal Kılıçdaroğlu] _k[broşür] |
||
| 246 | _aÖnce gençler | ||
| 260 |
_aAnkara _bCHP _c2015 |
||
| 300 |
_aktl. broşür _brnkl. fotg. _c20x19 sm. |
||
| 440 |
_aCumhuriyet Halk Partisi yayınları _pÖnce Türkiye dizisi |
||
| 600 |
_aKılıçdaroğlu, Kemal _cCHP Genel Başkanı _xSeçim kampanyaları, 2015 _yGençler |
||
| 600 |
_aKılıçdaroğlu, Kemal _xPropaganda ve ideolojiler _yGençlik politikaları |
||
| 610 |
_aCHP _xPropaganda ve ideolojiler _yGenel seçimler, 2015 _yKılıçdaroğlu dönemi |
||
| 610 |
_aCHP _xGençlik ve sorunları _yÇözüm önerileri |
||
| 610 |
_aCHP _xSeçim kampanyaları, 2015 _yGençlik politikaları |
||
| 651 |
_aTürkiye _xSiyaset ve yönetim _y2015- |
||
| 740 | _aÖnce gençler | ||
| 830 | _aCHP broşürleri | ||
| 830 | _aÖnce Türkiye dizisi | ||
| 942 |
_2ddc _cBKS |
||
| 999 | _d1078 | ||